| 000 | 01331nam a22003375a 4500 | ||
|---|---|---|---|
| 003 | OSt | ||
| 005 | 20231105131223.0 | ||
| 008 | 170502s2015 sy grb 000 0 ara d | ||
| 015 | _a2015 / 3816 | ||
| 020 | _a9789773768814 | ||
| 020 | _a8836109775714 | ||
| 040 |
_aEG-ScBUE _bara _cEG-ScBUE |
||
| 043 | _af-ua--- | ||
| 082 | 0 | 4 |
_a932.014 _bس ع د _222 |
| 100 | 1 | _aسعد الدين، أحمد. | |
| 245 | 1 | 0 |
_aفرعون ذو الأوتاد : _bتهويد التاريخ والأرض والتراث وأكذوبة الأرض الموعودة / _cأحمد سعد الدين ؛ مراجعة لغوبة وتدقيق طه عبد الرءوف سعد. |
| 250 | _aط. 1. | ||
| 260 |
_aدمشق ؛ _aالقاهرة : _bدار الكتاب العربي، _c2015. |
||
| 300 |
_a951 ص. ؛ _c24 سم. |
||
| 541 | _aإهداء من أ. محمد فريد خميس. | ||
| 600 | 0 | 7 |
_aإبراهيم (عليه السلام) _2BUEsh |
| 600 | 0 | 7 |
_aموسى (عليه السلام) _2BUEsh |
| 650 | 7 |
_aالفراعنة. _2BUEsh _914330 |
|
| 651 | 7 |
_aمصر _xتاريخ قديم. _2BUEsh |
|
| 653 |
_bGGEN _cMay2017 |
||
| 700 | 1 |
_aسعد، طه عبد الرءوف، _eمراجع. |
|
| 942 |
_2ddc _hRDA-MOD |
||
| 999 |
_c24756 _d24728 |
||
| 336 |
_2rdacontent _aنص _btxt |
||
| 337 |
_aبدون وسيط _2rdamedia _bn |
||
| 338 |
_aمجلد _bnc _2rdacarrier |
||